Lecciones propedeuticas de filosofía del derecho
Guardat en:
| Autor principal: | |
|---|---|
| Format: | Llibre |
| Idioma: | espanyol |
| Publicat: |
Pamplona
Universidad de Navarra
1992
|
| Matèries: | |
| Etiquetes: |
Afegir etiqueta
Sense etiquetes, Sigues el primer a etiquetar aquest registre!
|
MARC
| LEADER | 00000nam a2200000 a 4500 | ||
|---|---|---|---|
| 001 | UCY0540 | ||
| 003 | CL-VaPUC | ||
| 008 | 940804e19920000SP |||||||||||||||||spa|d | ||
| 082 | 0 | 4 | |a 340.1 |b HER |2 21 |
| 100 | |a Hervada Xiberta, Francisco Javier |e author |9 588604 | ||
| 245 | 1 | 0 | |a Lecciones propedeuticas de filosofía del derecho |
| 300 | |a 647 p | ||
| 942 | |c BK | ||
| 945 | |d 19940804 00:00:00 |a aalvarez | ||
| 260 | |a Pamplona |b Universidad de Navarra |c 1992 | ||
| 650 | 0 | |a Filosofía del derecho |9 255050 | |
| 583 | |a last modification |c 19940804 00:00:00 |k Rodrigo Vera | ||
| 999 | |c 229526 |d 229524 | ||
| 952 | |0 0 |1 0 |4 0 |6 340_100000000000000_HER_1992 |7 0 |8 DER_TF |9 230772 |a BIBDER |b BIBDER |d 2019-11-15 |i 2999765 |o 340.1 HER 1992 |p 2999765 |r 2023-01-25 |w 2019-11-15 |x Ubicación 4to Piso |y BK |z Estos recursos deben solicitarse con anticipación |k DER | ||